Anthargathangal (Record no. 54307)

MARC details
000 -LEADER
fixed length control field 00382nam a2200145Ia 4500
008 - FIXED-LENGTH DATA ELEMENTS--GENERAL INFORMATION
fixed length control field 211109s9999||||xx |||||||||||||| ||und||
082 ## - DEWEY DECIMAL CLASSIFICATION NUMBER
Classification number 894.81207
Item number VAL.M
100 ## - MAIN ENTRY--PERSONAL NAME
Personal name M K, Valsan
245 #0 - TITLE STATEMENT
Title Anthargathangal
260 ## - PUBLICATION, DISTRIBUTION, ETC.
Name of publisher, distributor, etc. P.K.Brothers
Place of publication, distribution, etc. Calicut
Date of publication, distribution, etc. 1996
300 ## - PHYSICAL DESCRIPTION
Extent 120p
630 ## - SUBJECT ADDED ENTRY--UNIFORM TITLE
General subdivision General stack
650 ## - SUBJECT ADDED ENTRY--TOPICAL TERM
Topical term or geographic name entry element Malayalam literature
942 ## - ADDED ENTRY ELEMENTS (KOHA)
Koha item type BOOK
650 ## - SUBJECT ADDED ENTRY--TOPICAL TERM
Form subdivision Literature
General subdivision StudyMalayalam
Holdings
Withdrawn status Lost status Damaged status Not for loan Home library Current library Date acquired Cost, normal purchase price Total Checkouts Full call number Barcode Shelving location Date last seen Price effective from Koha item type
        SB LIBRARY SB LIBRARY 09/11/2021 35.00   894.81207 VAL.M 00096719 GENERAL STACK 09/11/2021 09/11/2021 BOOK

Powered by Koha